Países con el Mayor Número de Especies - Estadísticas

Estadísticas generales
  • Esta prueba ha sido intentada 1.774 veces
  • La puntuación promedio es 16 de 20
Estadísticas de respuestas
# de Especies País % Correcto
59,851 Brasil
98%
34,687 China
95%
21,474 Estados Unidos
95%
17,974 Australia
93%
54,649 Colombia
93%
28,836 México
91%
21,020 India
90%
12,468 Rusia
90%
20,081 Perú
87%
23,429 Venezuela
87%
32,680 Indonesia
86%
22,065 Ecuador
80%
13,107 R. D. Congo
79%
25,052 Sudáfrica
77%
13,340 Tailandia
75%
19,561 Bolivia
74%
17,171 Malasia
68%
12,034 Vietnam
67%
13,630 Costa Rica
56%
13,115 Papua Nueva Guinea
52%
No se encontraron pruebas coincidentes
Distribución de puntuación
Porcentaje de gente con cada puntuación
Porcentaje por número respondido
Historial de tus puntuaciones
No has intentado esta prueba.